| 000 | 00429nam a2200169Ia 4500 | ||
|---|---|---|---|
| 008 | 230524s9999 xx 000 0 und d | ||
| 082 |
_a519.2 _bLIP |
||
| 100 |
_aSeymour Lipschupz _911155 |
||
| 245 | 0 | _aIntroduction to Probability and Statistics | |
| 250 | _a1ST | ||
| 260 |
_aNEW DELHI _bTMH _c2005 |
||
| 300 | _aVI;367 | ||
| 500 | _aQuantity Number: 2 | ||
| 650 | _aMathematics | ||
| 700 | _a John Schiller | ||
| 942 | _cBK | ||
| 999 |
_c33657 _d33657 |
||